| 000 | 01158cam a2200301 a 4500 | ||
|---|---|---|---|
| 001 | 3448304 | ||
| 005 | 20260422191207.0 | ||
| 008 | 920123s1992 cou b 001 0 eng | ||
| 020 |
_a0813314186 _qalk. paper |
||
| 020 |
_a0813314194 _qpbk. |
||
| 020 |
_a9780813314181 _q(alk. paper) |
||
| 020 |
_a9780813314198 _q(pbk.) |
||
| 050 | 0 | 0 |
_aPN1992.77.C68 _bJ4 1992 |
| 082 | 0 | 0 |
_a791.45/72 _220 |
| 100 | 1 | _aJhally, Sut. | |
| 245 | 1 | 0 |
_aEnlightened racism : _bthe Cosby show, audiences, and the myth of the American dream / _cSut Jhally and Justin Lewis. |
| 260 |
_aBoulder : _bWestview Press, _c1992. |
||
| 300 |
_axvii, 152 p. ; _c25 cm. |
||
| 440 | 0 | _aCultural studies | |
| 650 | 0 | _aAfrican Americans on television. | |
| 650 | 0 |
_aTelevision broadcasting _xUnited States _zInfluence. |
|
| 650 | 0 |
_aTelevision viewers _zUnited States. |
|
| 650 | 0 |
_aPublic opinion _zUnited States. |
|
| 700 | 1 |
_aLewis, Justin, _d1958- |
|
| 856 | 4 | 2 |
_3Contributor biographical information _uhttp://www.loc.gov/catdir/enhancements/fy0833/92003836-b.html |
| 856 | 4 | 2 |
_3Publisher description _uhttp://www.loc.gov/catdir/enhancements/fy0833/92003836-d.html |
| 942 |
_2lcc _cBK _n0 |
||
| 999 |
_c9570 _d9570 |
||